Responses for Show #4280 - Friday, March 21, 2003

Preempted on most affiliates by coverage of the start of the Iraq War.

Contestants

[<< previous game]

Jim Weir, a high school mathematics teacher from Germantown, Maryland

Rance Craft, an attorney from Austin, Texas

Sara Glidden, a college theater manager from West Roxbury, Massachusetts (whose 1-day cash winnings total $6,150)

[next game >>]

Jeopardy! Round responses

NOVEL VOCABULARY
THE U.S. EMBASSY
WYOMING
MALAMUTE, HUSKY OR SEA OTTER
DATELINE NBC
NOT SO "E"ASY
    $200 8
Charles Dickens

Sara
    $200 13
a passport

Sara
    $200 19
last (50th)

Jim
    $200 26
husky

Jim
    $200 6
(Jay) Leno

Rance
    $200 1
an emerald

Rance
    $400 9
Wuthering Heights

Triple Stumper
    $400 14
the Marines

Jim
    $400 20
[ERRATUM: Devils Tower does not have an apostrophe.]

volcano

Triple Stumper
    $400 27
sea otters

Sara
    $400 7
the World's Fair

Jim
    $400 2
evaporation

Sara
    $600 10
Utopia

Sara
    $600 15
attaché

Rance
    $600 21
coal

Jim
    $600 28
Malamute

Rance
    $600 16
Saturday Night Live

Rance
    $600 3
Edmonton

Rance
    $1,000 11
1984

Sara
    $800 22
Tel Aviv

Rance
    $800 23
Laramie

Sara
    $800 29
Huskies

Jim
    $800 17
(Jim: What's a football game?)

the Macy's Thanksgiving Day Parade

RanceJim
    $800 4
Adolf Eichmann

Jim
    $1000 12
Ishmael

Sara
    $1000 24
(Alex: Correct, with a minute to go now.)

International Development

Jim
    $1000 25
the Continental Divide

Jim
    $1000 30
sea otters

Rance
    $1000 18
(Jim: Who is William Bendix?)

Jackie Gleason

Jim
Triple Stumper
    $1000 5
(Rance: Who is Elijah?)

Ezekiel

RanceJim

Scores at the first commercial break (after clue 15):

Sara Rance Jim
$3,400 $600 $2,600

Scores at the end of the Jeopardy! Round:

Sara Rance Jim
$4,600 $4,400 $4,600

Double Jeopardy! Round responses

SHAKESPEARE'S STRATFORD
COMPUTER SCIENCE
(Alex: In honor of the 75th Academy Awards televised Oscarcast takes place this Sunday we have...)
75 YEARS OF THE OSCARS
DEWEY
CHEAT 'EM
"HOW"
    $400 6
(Rance: What is English?)

Latin

SaraRance
    $400 19
digitizing

Sara
    $400 1
From Here to Eternity

Rance
    $400 14
Huey, Louie & Dewey

Sara
    $400 23
West Point

Jim
    $400 9
Howdy Doody

Jim
    $800 7
Harvard

Jim
    $800 20
a directory

Triple Stumper
    $800 2
Whoopi Goldberg

Rance
    $800 15
trumpet

Sara
    $800 24
Hank Williams

Rance
    $800 10
how you play the game

Sara
    $1200 8
the First Folio

Rance
    $8,000 30
artificial intelligence

Jim
    $1200 3
Bob Hope

Rance
    $1200 16
(Rance: Who is Thomas Dewey?)

(John F.) Kennedy

SaraRance
    $1200 25
(Alex: We have a minute to go now, Rance.)

chisel

Triple Stumper
    $2,000 11
Howard University

Sara
    $1600 21
Anne Hathaway

Sara
    $1600 29
Java

Jim
    $1600 4
(Jim: Who is David Niven?)

Alec Guinness

RanceJim
    $1600 17
10

Jim
    $1600 26
Vulcan

Jim
    $1600 12
Howl

Sara
    $2000 22
daub

Sara
    $2000 28
the bus

Triple Stumper
    $2000 5
Mr. Smith Goes to Washington

Sara
    $2000 18
pragmatism

Triple Stumper
    $2000 27
Ambrose Bierce

Rance
    $2000 13
(Sara: What is a howse?)

howdah

Sara
Triple Stumper

Scores at the end of the Double Jeopardy! Round:

Sara Rance Jim
$15,800 $10,800 $17,400

[wagering suggestions for these scores]

Final Jeopardy! Round responses

GAMING
(Alex: [To Sara] Yes, indeed, Pat Sajak and Vanna White show.)
RanceWhat is Cheers?
$10,799
SaraWhat is Wheel of Fortune?
$6,000
JimWhat is Star Trek
$14,201
Wheel of Fortune

Final scores:

Sara Rance Jim
$21,800 $1 $3,199
2-day champion: $27,950 3rd place: $1,000 2nd place: $2,000

Game dynamics:

Coryat scores:

Sara Rance Jim
$14,800 $10,800 $10,600
19 R
(including 2 DDs),
1 W
16 R,
3 W
17 R
(including 1 DD),
3 W

Combined Coryat: $36,200

[game clues] [game scores] [suggest correction]

Game tape date: 2002-12-03
The J! Archive is created by fans, for fans. Scraping, republication, monetization, and malicious use prohibited; this site may use cookies and collect identifying information. See terms. The Jeopardy! game show and all elements thereof, including but not limited to copyright and trademark thereto, are the property of Jeopardy Productions, Inc. and are protected under law. This website is not affiliated with, sponsored by, or operated by Jeopardy Productions, Inc. Join the discussion at JBoard.tv.